Vida ignorada de Camões (Registo nº 1292)

Detalhes MARC
000 -Etiqueta do registo
Cabeçalho 00718cam a2200241 4500
005 - Identificador da versão
Campo de controlo 20240813121832.0
035 ## - Other System Control Numbers
System Control Number (bn)177016
System Control Number 177016
100 ## - Dados gerais de processamento
Dados gerais de processamento 19890901d1978 m y0pory5003 ba
102 ## - Pais de publicação ou produção
País de publicação Portugal
101 0# - Língua de publicação
Língua do texto, banda sonora, etc. Português
215 ## - Descrição física 
Indicação específica da natureza do documento e extensão da espécie 447 p.
Dimensões 21 cm
200 1# - Titulo e menção de responsabilidade
Título próprio Vida ignorada de Camões
Primeira menção de responsabilidade José Hermano Saraiva
225 2# - Colecção 
Título próprio da colecção Estudos e Documentos
Indicação de volume 141
205 ## - Menção da edição
Menção da edição 2ª ed. rev. e acrescentada
210 ## - Publicação, Distribuição, etc. 
Lugar da edição, distribuição, etc. Mem Martins
Nome do editor, distribuidor, etc. Europa-América
Data da publicação, distribuição, etc. [D. L. 1978]
325 ## - Nota de reprodução
Texto da nota Texto em braille. - Porto : CPAC, 1981. - 8 vol., estenografado ; 30 cm????
700 #1 - Nome de autor-pessoa física (responsabilidade principal)
Número de registo de entrada de autoridade 0001818
Palavra de ordem Saraiva
Outra parte do nome não tomada para palavra de ordem José Hermano
Datas 1919-
966 ## - Identificação da Biblioteca
Sigla NUMETECA
942 ## - Elementos de entrada adicionados (Koha)
Tipo de item no Koha Livro
Exemplares
Situação do levantamento Origin of item (home branch) (coded) Biblioteca de empréstimo Código de barras Cota Circulation type (not for loan) Tipo de documento Nota do exemplar Damaged status
  Biblioteca Escolar Eng. Nuno Mergulhão Biblioteca Escolar Eng. Nuno Mergulhão BENM3165 | 1978 8LP.09 SAR   Livro Sem mensagem